Posteditation in der Maschinenübersetzung bei spezifischen Textsorten am Beispiel der Übersetzung von Kochrezepten aus dem Slowakischen ins Deutsche
Problematika strojového prekladu v špecifických typoch textov - analýza prekladu kuchárskych receptov pomocou google prekladača. Zdôraznenie stále prítomných medzier, ktoré hrajú dôležitú úlohu medzi automatizovaným prekladom a odbornými informáciami.
Gespeichert in:
| 1. Verfasser: | |
|---|---|
| Format: | Buchkapitel |
| Sprache: | Deutsch |
| Schlagworte: | |
| Tags: |
Keine Tags, Fügen Sie das erste Tag hinzu!
|
MARC
| LEADER | 00000nla a2200000 4500 | ||
|---|---|---|---|
| 001 | 0241348 | ||
| 005 | 20240502083647.7 | ||
| 041 | 0 | |a ger | |
| 044 | |a HR | ||
| 245 | 1 | 0 | |a Posteditation in der Maschinenübersetzung bei spezifischen Textsorten am Beispiel der Übersetzung von Kochrezepten aus dem Slowakischen ins Deutsche |c Jozef Štefčík |
| 520 | |a Problematika strojového prekladu v špecifických typoch textov - analýza prekladu kuchárskych receptov pomocou google prekladača. Zdôraznenie stále prítomných medzier, ktoré hrajú dôležitú úlohu medzi automatizovaným prekladom a odbornými informáciami. | ||
| 610 | 2 | 0 | |a jazykoveda |
| 610 | 2 | 0 | |a nemčina |
| 610 | 2 | 0 | |a prekladateľstvo |
| 610 | 2 | 0 | |a preklady |
| 610 | 2 | 0 | |a preklady odborné |
| 610 | 2 | 0 | |a automatizácia |
| 610 | 2 | 0 | |a automatizácia práce |
| 610 | 2 | 0 | |a technológie informačné |
| 610 | 2 | 0 | |a efektívnosť |
| 100 | 1 | |a Štefčík, Jozef, 1976- | |